| 000 | 02194cam a2200445 4500 | ||
|---|---|---|---|
| 001 | ABS68051 | ||
| 008 | 040726n2004 000 0 eng u | ||
| 035 | _a(Sirsi) u126920 | ||
| 100 | _aGallimore, M. | ||
| 245 | 4 | _aThe brave new world of planning | |
| 260 | _c2004 | ||
| 490 |
_aEstates Gazette _v(0428) 17 July 2004, 109-111(3) |
||
| 520 | _aProvides guidance on the key elements of the Planning and Compulsory Purchase Act 2004. Examines the new regional planning system, local development frameworks, the statutory duty for or to enable sustainable development, new development control provisions including those affecting mezzanine floorspaces, planning contributions and the increased powers available to local planning authorities to use compulsory purchase. Appends tables covering the local development system, the development control provisions and the commencement timetable. Points out the concerns of some about the inherent conflict between greater speed and greater community involvement in the new system and local planning authorities' lack of resources to deliver plans and make decisions on planning applications within the timetables envisaged by the new system. | ||
| 590 | _aABS | ||
| 590 | _aABS | ||
| 650 | _aCOMMUNITY INVOLVEMENT | ||
| 650 | _aREGIONAL SPATIAL STRATEGIES | ||
| 650 | _aREGIONAL PLANNING BODIES | ||
| 650 | _aPLANNING APPLICATIONS | ||
| 650 | _aCOMPULSORY PURCHASE ORDERS | ||
| 650 | _aCROWN IMMUNITY | ||
| 650 | _aSTRATEGIC ENVIRONMENTAL ASSESSMENT | ||
| 650 | _aPLANNING POLICY STATEMENT ONE | ||
| 650 | _aLOCAL DEVELOPMENT DOCUMENTS | ||
| 650 | _aLOCAL DEVELOPMENT SCHEMES | ||
| 650 | _aLOCAL DEVELOPMENT FRAMEWORKS | ||
| 650 | _aTOWN AND COUNTRY PLANNING ACT 1990 S54A | ||
| 650 | _aSTATUTORY DEVELOPMENT PLANS | ||
| 650 | _aPLANNING CONTRIBUTIONS | ||
| 650 | _aPLANNING OBLIGATIONS | ||
| 650 | _aMEZZANINES | ||
| 650 | _aDEVELOPMENT CONTROL | ||
| 650 | _aSUSTAINABLE DEVELOPMENT | ||
| 650 | _aLOCAL DEVELOPMENT PLANS | ||
| 650 | _aREGIONAL PLANNING | ||
| 650 | _aPLANNING AND COMPULSORY PURCHASE ACT 2004 | ||
| 650 |
_aCompulsory purchase _96228 |
||
| 690 | _aPLANNING-PLANNING LAW | ||
| 942 | _n0 | ||
| 999 |
_c117767 _d117767 |
||